000 00439nam a2200193Ia 4500
005 20240823051329.0
008 240823s9999||||xx |||||||||||||| ||und||
020 _a978-81-264-3329-2
041 _aMALAYALAM
082 _A398.2 Q1
100 _aPrakash Marahi
245 0 _aKarigurukkal
250 _a1st
260 _c2011
_b"D C Books,Kot"
500 _aDISPLAY
650 _aFolklore
_bGeneral
942 _cBK
999 _c219337
_d219337